=LDR 00000nam 2200000 4500 =001 NUTBA000000000003808 =005 20140828084302.0 =006 =007 =008 =020 ##$$a 979-489-857-0 =035 ##$$a 0010-081400000000653 =040 ##$$a NBPDMAT =082 ##$$a 028.5 =084 ##$$a 028.5 Roe h =090 ##$$a 028.5 Roe h =100 ##$$a Rochim Armando =245 ##$$a Harimau Si Loreng Perkasa / $c Rochim Armando =250 ##$$a Cet. 1 =260 ##$$a Jakarta : $b Penebar Swadaya, $c 2005 =300 ##$$a 21 hlm. ; $c 26 cm. =650 ##$$a Bacaan kanak-kanak =990 ##$$a 21408797 =990 ##$$a 0001/BPAP-NTB/20142014 =990 ##$$a 0001/BPAP-NTB/20142014 =990 ##$$a 0001/BPAP-NTB/20142014 =990 ##$$a 0001/BPAP-NTB/20142014 =990 ##$$a 0001/BPAP-NTB/20142014 =990 ##$$a 0001/BPAP-NTB/20142014 =990 ##$$a 0001/BPAP-NTB/20142014 =990 ##$$a 0001/BPAP-NTB/20142014 =990 ##$$a 0001/BPAP-NTB/20142014 =990 ##$$a 0001/BPAP-NTB/20142014